• 首页
  • 本馆介绍
  • 公告通知
  • 最新文献
  • 馆藏检索
  • 电子资源
  • 读者导购
  • 参考咨询
  • 我的图书馆
  • 登录
  • 详细信息显示
  • 放入我的书架
  • 预约/预借图书
  • 作者相关作品
  • 分类相关作品
  • 丛书相关作品
  • 出版社相关作品

书目信息

  • 表格格式
  • 工作单格式
  • 卡片格式
题名:
测度与概率
    
 
作者: 严士健 , 刘秀芳 著
分册:  
出版信息: 北京   北京师范大学出版社  1994.11
页数: 390页
开本: 21cm
丛书名:
单 册:
中图分类: O174.12
科图分类:
主题词: 数学分析
电子资源:
ISBN: 7-303-03790-X
000 00604nam0 2200217 45
001 0010270878
005 20040521094634.7
010    @a7-303-03790-X@dCNY12.00
100    @a20001027d1994 km y0chiy0120 ea
101 0  @achi
105    @a z 000yy
200 1  @a测度与概率@ACe Du Yu Gai Lu@f严士健,刘秀芳著@FYan Shi Jian,Liu Xiu Fang Zhu
210    @a北京@c北京师范大学出版社@d1994.11
215    @a390页@d21cm
300    @a书末附:名词索引
606 0  @a数学分析
690    @aO174.12@v1
701  0 @a严士健@4著
701  0 @a刘秀芳@4著
801    @aCN@bTSTC@c20001027
905    @dO174.12@e105@f1@b291978
    
    测度与概率/严士健,刘秀芳著.-北京:北京师范大学出版社,1994.11
    390页;21cm
    书末附:名词索引
    
    ISBN 7-303-03790-X:CNY12.00
    
●
相关链接 在E读中查询图书 在五车中查询图书 在当当中查询图书 在豆瓣中查询图书


正题名:测度与概率     索取号:O174.12/105         预约/预借

序号 登录号 条形码 馆藏地/架位号 状态 备注
1 0131958   202100083   第二样本阅览室/ [索取号:O174.12/105] 在馆    
2 0291976   002919765   第三借阅区/ [索取号:O174.12/105] 在馆    
3 0291977   002919774   第三借阅区/ [索取号:O174.12/105] 在馆    
4 0291978   002919783   第三借阅区/ [索取号:O174.12/105] 在馆    
5 0291979   002919792   第三借阅区/ [索取号:O174.12/105] 在馆    
6 0291980   002919809   第二样本阅览室/ [索取号:O174.12/105] 在馆    
唐山师范学院图书馆 欢迎您!
大连网信软件有限公司© 版权所有